000 01887nam1a2200313 i 4500
001 RU\NLR\bibl\1851099
005 20260409073033.0
035 _a(NLR Aleph) 001841045
090 _a2272606
_c2272606
100 _a20111221g20119999u y0rusy50 ca
101 0 _arus
102 _aRU
105 _a||||z |||||
200 1 _aИнтеллектуальный потенциал XXI века: ступени познания
_eсборник материалов V Международной студенческой научно-практической конференции, Новосибирск, 14 марта 2011 г.
_e[в 2 ч.]
_fпод общ. ред. к.э.н. С.С. Чернова
210 _aНовосибирск
_cЦентр развития научного сотрудничества
_d2011
215 _d20
300 _aВ надзаг.: Центр развития науч. сотрудничества
463 0 _10011781413
463 0 _10011780929
606 _aВысшие учебные заведения
_xНаучно-исследовательская работа студентов
_jСъезды, совещания и т.п.
_3RU\NLR\auth\661251857
_92076687
686 _aЧ481.268я431
702 1 _4340
_8rus
_7ca
_aЧернов
_bС. С.
_cканд. экон. наук
_f1979-
_gСергей Сергеевич
_3RU\NLR\AUTH\7768307
_951235
711 1 2 _a"Интеллектуальный потенциал XXI века: ступени познания", международная студенческая научно-практическая конференция
_d5
_f2011
_eНовосибирск
_3RU\NLR\AUTH\8810188329
_9869227
801 0 _aRU
_bNLR
_c20111221
_gRCR
801 1 _aRU
_bNLR
_c20111221
852 _aNLR
_j2011-3/19386
942 _cBOOK